| 000 | 00515nam a2200157 a 4500 | ||
|---|---|---|---|
| 001 | 000038727 | ||
| 005 | 20201002031342.0 | ||
| 008 | 130419s1997 mx r 000 f spa d | ||
| 020 | _a9687277127 | ||
| 040 |
_aDO-SdBNP _bspa _cBNPHU |
||
| 082 |
_axxxx _bxxxx |
||
| 100 | 1 |
_aCuauhtémoc Sánchez, Carlos _965033 |
|
| 245 | 1 | 3 |
_aLa última oportunidad. : _bnovela de superación personal y conyugal / _cCarlos Cauhtémoc Sánchez. |
| 260 |
_aMéxico, : _bEdiciones selectas diamante, _c1997. |
||
| 300 |
_a189 p. ; _c21 cm. |
||
| 999 |
_c38217 _d38217 |
||